[Event "African Online-ch U20-Open 2021"]
[Site "Online"]
[Date "2021.02.01"]
[Round "7.19"]
[White "Meise, Keagen"]
[Black "Soojay, Jorah"]
[Result "1-0"]
[WhiteElo "1200"]
[BlackElo "1478"]
[Annotator "NA RC"]
[PlyCount "105"]
[EventDate "2021.02.01"]
[EventType "swiss"]
[EventCountry "NET"]
[SourceTitle "playchess.com"]
[Source "ChessBase"]
[SourceQuality "1"]
[TimeControl "1500+10"]

1. d4 {[%emt 0:00:00]} d5 {[%emt 0:00:08]} 2. c4 {[%emt 0:00:03]} dxc4 {[%emt 0:00:08]} 3. e3 {[%emt 0:00:03]} Nf6 {[%emt 0:00:03]} 4. Bxc4 {[%emt 0:00:02]} c6 {[%emt 0:00:05]} 5. h3 {[%emt 0:00:07]} Bf5 {[%emt 0:00:07]} 6. Qb3 {[%emt 0:00:05]} e6 {[%emt 0:01:17]} 7. Qxb7 {[%emt 0:00:03]} Nbd7 {[%emt 0:00:02]} 8. Nf3 {[%emt 0:00:32]} Be4 {[%emt 0:00:08]} 9. Nbd2 {[%emt 0:00:25]} Bd5 {[%emt 0:00:25]} 10. Bxd5 {[%emt 0:00:11]} cxd5 {[%emt 0:00:04]} 11. O-O {[%emt 0:00:05]} Nb6 {[%emt 0:00:05]} 12. Ne5 {[%emt 0:00:10]} Be7 {[%emt 0:00:21]} 13. Nc6 {[%emt 0:00:21]} Qd7 {[%emt 0:00:06]} 14. Qxd7+ {[%emt 0:00:05]} Kxd7 {[%emt 0:00:05]} 15. Nxe7 {[%emt 0:00:33]} Kxe7 {[%emt 0:00:04]} 16. b3 {[%emt 0:00:01]} Rhc8 {[%emt 0:00:06]} 17. Ba3+ {[%emt 0:00:08]} Kd7 {[%emt 0:00:02]} 18. Rac1 {[%emt 0:00:35]} h6 {[%emt 0:01:09]} 19. Nf3 {[%emt 0:00:37]} Ne4 {[%emt 0:00:12]} 20. Bc5 {[%emt 0:02:22]} f6 {[%emt 0:00:08]} 21. a4 {[%emt 0:00:21]} Ke8 {[%emt 0:01:05]} 22. a5 {[%emt 0:03:28]} Nd7 {[%emt 0:00:06]} 23. b4 {[%emt 0:00:03]} a6 {[%emt 0:00:11]} 24. Rc2 {[%emt 0:00:51]} Rc6 {[%emt 0:05:05]} 25. Rfc1 {[%emt 0:00:39]} Rac8 {[%emt 0:00:06]} 26. Ne1 {[%emt 0:00:13]} e5 {[%emt 0:00:20]} 27. Nd3 {[%emt 0:00:10]} Nexc5 {[%emt 0:01:36]} 28. Nxc5 {[%emt 0:00:11]} e4 {[%emt 0:00:35]} 29. Kh2 {[%emt 0:00:59]} Kf7 {[%emt 0:00:18]} 30. Kg3 {[%emt 0:00:35]} g5 {[%emt 0:00:20]} 31. Rb2 {[%emt 0:02:38]} Nxc5 {[%emt 0:02:34]} 32. bxc5 {[%emt 0:00:13]} f5 {[%emt 0:00:19]} 33. Rcb1 {[%emt 0:00:38]} Kg6 {[%emt 0:02:14]} 34. Rb6 {[%emt 0:00:13]} Kh5 {[%emt 0:00:21]} 35. Rxc6 {[%emt 0:00:06]} Rxc6 {[%emt 0:00:06]} 36. Rb6 {[%emt 0:00:03]} Rc8 {[%emt 0:00:13]} 37. Rxa6 {[%emt 0:00:05]} Rf8 {[%emt 0:00:07]} 38. Re6 {[%emt 0:00:23]} f4+ {[%emt 0:00:07]} 39. exf4 {[%emt 0:00:02]} gxf4+ {[%emt 0:00:03]} 40. Kh2 {[%emt 0:00:02]} Kg5 {[%emt 0:02:39]} 41. a6 {[%emt 0:01:18]} f3 {[%emt 0:01:34]} 42. gxf3 {[%emt 0:02:27]} Rxf3 {[%emt 0:00:10]} 43. Kg2 {[%emt 0:00:12]} Kf5 {[%emt 0:00:29]} 44. a7 {[%emt 0:01:15]} Ra3 {[%emt 0:00:06]} 45. Re7 {[%emt 0:00:03]} Kf6 {[%emt 0:00:12]} 46. Rb7 {[%emt 0:01:01]} Ra2 {[%emt 0:00:06]} 47. c6 {[%emt 0:01:00]} e3 {[%emt 0:00:05]} 48. c7 {[%emt 0:01:31]} e2 {[%emt 0:00:05]} 49. c8=Q {[%emt 0:00:03]} e1=Q {[%emt 0:00:03]} 50. Qf8+ {[%emt 0:00:02]} Kg5 {[%emt 0:00:14]} 51. Rg7+ {[%emt 0:00:11]} Kh5 {[%emt 0:00:19]} 52. Qf5+ {[%emt 0:00:03]} Kh4 {[%emt 0:00:04]} 53. Rg4# {[%emt 0:00:04]} 1-0

[Event "African Online-ch U20-Open 2021"]
[Site "Online"]
[Date "2021.02.01"]
[Round "7.20"]
[White "Belattar, Mohamed Walid"]
[Black "Masaiti, Gideon"]
[Result "0-1"]
[WhiteElo "1214"]
[BlackElo "1442"]
[Annotator "NA RC"]
[PlyCount "100"]
[EventDate "2021.02.01"]
[EventType "swiss"]
[EventCountry "NET"]
[SourceTitle "playchess.com"]
[Source "ChessBase"]
[SourceQuality "1"]
[TimeControl "1500+10"]

1. d4 {[%emt 0:00:00]} e6 {[%emt 0:00:02]} 2. Nf3 {[%emt 0:00:04]} d5 {[%emt 0:00:02]} 3. g3 {[%emt 0:00:03]} Nf6 {[%emt 0:00:07]} 4. Bg2 {[%emt 0:00:02]} c5 {[%emt 0:00:08]} 5. O-O {[%emt 0:00:07]} cxd4 {[%emt 0:00:09]} 6. Nxd4 {[%emt 0:00:06]} Be7 {[%emt 0:00:02]} 7. c4 {[%emt 0:00:15]} Nc6 {[%emt 0:00:16]} 8. Nxc6 {[%emt 0:00:49]} bxc6 {[%emt 0:00:05]} 9. Nc3 {[%emt 0:00:09]} O-O {[%emt 0:00:07]} 10. Bf4 {[%emt 0:00:40]} Ba6 {[%emt 0:00:21]} 11. cxd5 {[%emt 0:00:42]} cxd5 {[%emt 0:00:04]} 12. Qa4 {[%emt 0:00:11]} Qb6 {[%emt 0:00:23]} 13. Rfb1 {[%emt 0:03:51]} Bc5 {[%emt 0:00:22]} 14. e3 {[%emt 0:01:11]} Bd3 {[%emt 0:02:43]} 15. b4 {[%emt 0:07:33]} Bxb1 {[%emt 0:00:41]} 16. bxc5 {[%emt 0:00:29]} Qb2 {[%emt 0:00:29]} 17. Rxb1 {[%emt 0:00:51]} Qxc3 {[%emt 0:00:06]} 18. c6 {[%emt 0:00:14]} Rfc8 {[%emt 0:00:27]} 19. c7 {[%emt 0:00:13]} Ne8 {[%emt 0:00:52]} 20. Rb8 {[%emt 0:03:23]} Nxc7 {[%emt 0:00:12]} 21. Rxc8+ {[%emt 0:00:31]} Rxc8 {[%emt 0:00:08]} 22. Qd7 {[%emt 0:00:06]} Ne8 {[%emt 0:00:11]} 23. a4 {[%emt 0:01:50]} Qc6 {[%emt 0:00:18]} 24. Qxc6 {[%emt 0:00:49]} Rxc6 {[%emt 0:00:03]} 25. Bf1 {[%emt 0:00:08]} Nc7 {[%emt 0:00:09]} 26. Bxc7 {[%emt 0:00:04]} Rxc7 {[%emt 0:00:03]} 27. Bb5 {[%emt 0:00:09]} Kf8 {[%emt 0:00:02]} 28. Kf1 {[%emt 0:00:04]} Ke7 {[%emt 0:00:03]} 29. Ke2 {[%emt 0:00:04]} Kd6 {[%emt 0:00:03]} 30. Kd3 {[%emt 0:00:04]} Rc1 {[%emt 0:00:12]} 31. Kd2 {[%emt 0:00:21]} Rb1 {[%emt 0:00:03]} 32. h4 {[%emt 0:00:40]} Rxb5 {[%emt 0:00:06]} 33. axb5 {[%emt 0:00:04]} Kc5 {[%emt 0:00:03]} 34. Kc3 {[%emt 0:00:03]} Kxb5 {[%emt 0:00:03]} 35. Kb3 {[%emt 0:00:02]} a5 {[%emt 0:00:02]} 36. Kc3 {[%emt 0:00:07]} a4 {[%emt 0:00:04]} 37. Kb2 {[%emt 0:00:07]} Kb4 {[%emt 0:00:02]} 38. Kc2 {[%emt 0:00:09]} a3 {[%emt 0:00:03]} 39. Kb1 {[%emt 0:00:14]} Kb3 {[%emt 0:00:03]} 40. Ka1 {[%emt 0:00:20]} a2 {[%emt 0:00:02]} 41. f4 {[%emt 0:00:05]} Ka3 {[%emt 0:00:03]} 42. g4 {[%emt 0:00:03]} h6 {[%emt 0:00:05]} 43. h5 {[%emt 0:00:07]} f6 {[%emt 0:00:03]} 44. g5 {[%emt 0:02:28]} fxg5 {[%emt 0:00:19]} 45. fxg5 {[%emt 0:00:06]} hxg5 {[%emt 0:00:06]} 46. e4 {[%emt 0:00:05]} g4 {[%emt 0:00:20]} 47. h6 {[%emt 0:00:19]} gxh6 {[%emt 0:00:45]} 48. exd5 {[%emt 0:00:21]} g3 {[%emt 0:00:10]} 49. dxe6 {[%emt 0:00:04]} g2 {[%emt 0:00:04]} 50. e7 {[%emt 0:00:03]} g1=R# {[%emt 0:00:04]} 0-1

[Event "African Online-ch U20-Open 2021"]
[Site "Online"]
[Date "2021.02.01"]
[Round "8.1"]
[White "Brahami, Lamine"]
[Black "Mohamed Abderrahim, Taleb Mohamed"]
[Result "1-0"]
[WhiteElo "2194"]
[BlackElo "1799"]
[Annotator "TA"]
[PlyCount "35"]
[EventDate "2021.02.01"]
[EventType "swiss"]
[EventCountry "NET"]
[SourceTitle "playchess.com"]
[Source "ChessBase"]
[SourceQuality "1"]

{[%evp 16,35,15,36,22,2,131,71,84,87,156,120,368,355,352,358,385,347,560,530,790,673]} 1. d4 d5 2. c4 c6 3. Nc3 e6 4. Nf3 dxc4 5. a4 Bb4 6. e3 b5 7. Be2 Nf6 8. O-O Bxc3 9. bxc3 O-O {D31: Queen's Gambit Declined: Semi-Slav without ...Nf6 (+ Marshall Gambit and Noteboom) and Exchange Variation lines without ...Nf6.} 10. Ne5 Bb7 (10... a6 $11 {remains equal.}) 11. Rb1 ({White should try} 11. Ba3) 11... Nd5 {White is better.} 12. Qc2 a6 {[#]} (12... Nd7 $142) 13. Nxc4 $146 ({Predecessor:} 13. Ba3 Re8 14. Nxc4 Nd7 15. Nd6 Qc7 16. c4 N5f6 17. Nxe8 Nxe8 18. Bf3 e5 19. Rfc1 exd4 20. exd4 bxc4 21. Qxc4 {1-0 (25) Girish,A (2086)-Pratyusha,B (1736) New Delhi 2007}) 13... Qe7 $2 {[#] This costs Black the game.} (13... Qc7 $16) 14. Ba3 $1 $18 {[%mdl 64] Skewer} b4 15. cxb4 {[%cal Bc3b4,Bb4b5][%mdl 32]} Qg5 {Black hopes to continue with ...c5.} 16. Bf3 f5 $2 (16... Nd7 {might work better.} 17. Nd6 Rfb8 18. Nxb7 Rxb7 19. Qxc6 Rba7) 17. b5 Rf6 18. Nd6 {Weighted Error Value: White=0.23/Black=0.90} 1-0

[Event "African Online-ch U20-Open 2021"]
[Site "Online"]
[Date "2021.02.01"]
[Round "8.2"]
[White "Mhango, Banele"]
[Black "Borges Delgado, Gabriel Jose"]
[Result "1-0"]
[WhiteElo "2117"]
[BlackElo "2228"]
[Annotator "TA"]
[PlyCount "77"]
[EventDate "2021.02.01"]
[EventType "swiss"]
[EventCountry "NET"]
[SourceTitle "playchess.com"]
[Source "ChessBase"]
[SourceQuality "1"]

{[%evp 15,77,35,58,54,64,60,56,48,61,60,69,56,73,48,47,39,74,50,70,66,103,78,88,83,133,116,118,116,112,132,104,59,90,52,56,0,0,0,0,0,0,0,0,0,20,11,50,18,41,0,0,0,0,0,0,0,155,170,852,833,812,800,29994,29995]} 1. d4 Nf6 2. c4 g6 3. Nf3 Bg7 4. g3 d6 5. Bg2 O-O 6. O-O c5 7. Nc3 Na6 8. b3 Bg4 9. Bb2 {[#] E65: King's Indian: Fianchetto: 6...c5 7 0-0 without d5 by White.} Qa5 $146 ({Predecessor:} 9... Qc8 10. d5 Re8 11. Qd2 Nc7 12. e4 b5 13. cxb5 Rb8 14. a4 a6 15. e5 Nd7 16. e6 fxe6 {0-1 (43) Lagunow,R (2378)-Boros,D (2429) chess.com INT 2020}) 10. Qd2 Rfd8 11. Rfd1 {White is slightly better.} Bxf3 12. Bxf3 cxd4 13. Qxd4 Nc5 {Strongly threatening ...Nfe4.} 14. Qd2 Rab8 15. Rab1 Ne6 16. h4 h6 17. Ba1 g5 18. hxg5 Nxg5 19. Bg2 e6 20. f4 Ngh7 21. Nb5 Qa6 22. a4 d5 {...dxc4 would now be nice for Black.} 23. cxd5 exd5 24. Qd4 Nh5 25. Qf2 (25. Qd3 $14) 25... Qg6 $11 26. Bxg7 Kxg7 27. Kh2 (27. Qxa7 Nxg3 28. Bf3 Nxe2+ 29. Kh1 Nxf4 $17) 27... N7f6 28. Bh3 {g4 is the strong threat.} a6 29. Nd4 {Threatens to win with g4!} Ne4 {[%mdl 64] Double Attack} 30. Qf3 {White wants to play Bf5.} Nhf6 (30... Qxg3+ $6 31. Qxg3+ Nexg3 32. Rg1 $16) (30... Nexg3 $2 31. Rg1 $18) 31. Rbc1 (31. Bf5 $5 {[%cal Rf5g6]} Qh5+ 32. Qxh5 Nxh5 33. Rd3 $11) 31... h5 32. Rc7 {aiming for Ne6+.} (32. Bf5 $5 {[%cal Rf5g6]} Qh6 33. Rc7 $14) 32... Ng4+ 33. Kg2 Rbc8 34. f5 Qh6 35. f6+ Kg8 $2 {[#]} (35... Kh8 $11 36. Nf5 (36. Rxc8 Rxc8 37. Nf5 {[%mdl 64] Discovered Attack} Qg5 $11) 36... Qxf6 37. Rxc8 Rxc8 38. Rxd5 (38. Bxg4 Rc3 $11) 38... Ng5) 36. Nf5 $1 $16 {[%cal Rf5h6][%mdl 512]} Qg5 (36... Ne3+ 37. Nxe3 Rxc7) 37. Rxc8 {[%mdl 64] Overworked Piece} ({Not} 37. Ne7+ Kf8 $16) 37... Rxc8 38. Rxd5 ({Weaker is} 38. Ne7+ Kf8 $16) 38... Nd2 39. Ne7+ {[%mdl 64] Double Attack, Discovered Attack.  Weighted Error Value: White=0.10/Black=0.40} 1-0

[Event "African Online-ch U20-Open 2021"]
[Site "Online"]
[Date "2021.02.01"]
[Round "8.3"]
[White "Junior, Domingos"]
[Black "Filipe, Marcio"]
[Result "1-0"]
[WhiteElo "1894"]
[BlackElo "1990"]
[Annotator "TA"]
[PlyCount "47"]
[EventDate "2021.02.01"]
[EventType "swiss"]
[EventCountry "NET"]
[SourceTitle "playchess.com"]
[Source "ChessBase"]
[SourceQuality "1"]

{[%evp 10,47,-24,-75,-59,-91,-162,-162,-32,-44,-25,-15,0,-81,0,0,0,-43,129,74,96,89,200,204,212,-305,196,199,265,291,283,285,330,334,345,338,538,518,493,463]} 1. e4 e5 2. Nf3 Nc6 3. d4 exd4 4. Bc4 Nf6 5. O-O Nxe4 6. Nc3 dxc3 $17 {C56: Two Knights: 4 d4 exd4 5 0-0 Nxe4.} 7. Bxf7+ $1 {[%mdl 64] Decoy} Kxf7 8. Qd5+ {[#]} Ke8 (8... Kf6 $1 $19 9. Qxe4 Be7) 9. Re1 $15 {[#]} Ne7 $1 10. Rxe4 {Strongly threatening Ng5.} c6 11. Qh5+ g6 {[#]} 12. Qe5 $146 ({Predecessor:} 12. Qh4 d5 13. Re2 Bg7 14. Bg5 cxb2 15. Rae1 Kf7 16. Rxe7+ Qxe7 17. Rxe7+ Kg8 18. Qb4 {1-0 (24) Audino,M-Forstinger ICCF corr 1973}) 12... Rg8 {...d5 is the strong threat.} ({But not} 12... d5 $2 13. Rh4 $18) 13. Qd6 h6 (13... g5 $15 {stays ahead.} 14. Bxg5 Rg6) 14. Ne5 (14. bxc3 $142 b5 15. Ne5) 14... g5 {[#] White must now prevent ...c5!} 15. Qf6 $1 {[%csl Ge5][%cal Rf6f7]} Qa5 (15... Rg7 $16 16. Qxh6 Qa5 17. Qh5+ Kd8) 16. Ng6 $1 $18 Rxg6 17. Qxg6+ Kd8 18. Qf7 $40 {[%mdl 128] White is out for blood.} Qf5 {[#]} (18... Kc7 $142) 19. Rxe7 $1 {[%mdl 512]} Qxf7 20. Rxf7 Ke8 21. Rh7 d5 22. bxc3 b6 (22... Be7 $142 23. Rb1 Bf6) 23. Bd2 Bd7 24. h4 {Weighted Error Value: White=0.11/Black=0.61} 1-0

[Event "African Online-ch U20-Open 2021"]
[Site "Online"]
[Date "2021.02.01"]
[Round "8.4"]
[White "Lutuima, Amaro"]
[Black "Lion, Pierre"]
[Result "1-0"]
[WhiteElo "2050"]
[BlackElo "1586"]
[Annotator "TA"]
[PlyCount "93"]
[EventDate "2021.02.01"]
[EventType "swiss"]
[EventCountry "NET"]
[SourceTitle "playchess.com"]
[Source "ChessBase"]
[SourceQuality "1"]

{[%evp 10,93,48,45,73,77,73,83,85,76,80,72,95,87,95,87,102,106,102,23,94,104,164,158,162,162,177,163,254,250,225,221,247,46,193,81,79,69,108,124,121,76,101,100,90,53,107,0,122,-241,127,62,304,312,692,716,720,689,644,645,844,821,765,744,745,735,731,708,879,863,780,941,901,902,642,873,838,889,864,855,1330,1128,1330,1217,5414,5410]} 1. e4 d6 2. d4 g6 3. c4 Bg7 4. Nc3 Nc6 5. Be3 e5 6. d5 Nb8 {A42: Modern Defence: Averbakh Variation.} 7. Bd3 Nd7 8. Nge2 Ngf6 {White is better.} 9. f3 {[#]} a5 $146 ({Predecessor:} 9... O-O 10. O-O h6 11. Na4 Ne8 12. c5 dxc5 13. Nxc5 Nxc5 14. Bxc5 Nd6 15. Rc1 f5 {0-1 (86) De Steinn,G (1799)-De Moura,I Curitiba 2015}) 10. O-O b6 11. a3 O-O 12. b4 {[%cal Bb2b4,Bb4c5,Bc5c6][%mdl 32]} Nh5 13. Qd2 f5 14. Na4 (14. exf5 $16 gxf5 15. Bg5) 14... f4 (14... Nf4 $11) 15. Bf2 $16 Qg5 (15... Rf7 $16 {was necessary.}) 16. c5 $18 bxc5 17. bxc5 Ndf6 {intending ...Bh3.} 18. Kh1 Bd7 (18... Qh6 $142 19. cxd6 Bd7) 19. c6 Bc8 20. Rab1 Ne8 {[#]} 21. Ng1 $2 (21. Rb7 $1 $18 {[%mdl 512]}) 21... Qe7 {[#]} (21... Qh6 $14) 22. Rfc1 (22. Rb7 $1 $18 {[%mdl 512]}) 22... g5 $16 23. Rb3 {And now Rcb1 would win.} g4 24. fxg4 Bxg4 25. Be2 Nef6 26. Bf3 Bh6 27. Qe2 Qg7 (27... Ng3+ $14 28. hxg3 fxg3 29. Bxg4 (29. Be3 $2 Nxe4 30. Nh3 Rxf3 $19) 29... gxf2 30. Be6+ Kh8) 28. Nc3 ({White should try} 28. Rcb1 $16) 28... Kh8 (28... Ng3+ $11 29. hxg3 fxg3) 29. Rb7 $2 {[%mdl 8192] [#]} (29. Be1 $16) 29... Rg8 $2 (29... Ng3+ $1 $19 {[%mdl 512]} 30. hxg3 fxg3) 30. Nb5 {Black is on the road to losing.} (30. Be1 $16) 30... Rac8 $2 {[#]} ({Black should play} 30... Bxf3 $14 31. Qxf3 Nxe4 32. Qxe4 (32. Nxc7 Rac8 $16) (32. Rxc7 Qg6 $11) 32... f3) 31. Nxd6 $1 $18 {[%mdl 512]} cxd6 (31... Ng3+ 32. hxg3 fxg3) 32. Rxg7 {White is clearly winning.} Rxg7 33. Bh4 Bxf3 34. Qxf3 Bg5 35. Qh3 Rcc7 36. Nf3 Bxh4 37. Qxh4 Rg4 38. Qe1 Rgg7 39. Qxa5 Nxe4 40. Qb4 Nhf6 41. Re1 Nf2+ 42. Kg1 Nd3 43. Qxd6 {[%mdl 64] Double Attack} Nxe1 44. Nxe1 Rcf7 45. c7 Rg8 46. Qxe5 Re8 47. Qxe8+ {[%mdl 64] Remove Defender, Promotion.  Weighted Error Value: White=0.56/Black=0.69} 1-0

[Event "African Online-ch U20-Open 2021"]
[Site "Online"]
[Date "2021.02.01"]
[Round "8.5"]
[White "Khumalo, Keith"]
[Black "Elier, Ali"]
[Result "1-0"]
[WhiteElo "2142"]
[BlackElo "2037"]
[Annotator "TA"]
[PlyCount "65"]
[EventDate "2021.02.01"]
[EventType "swiss"]
[EventCountry "NET"]
[SourceTitle "playchess.com"]
[Source "ChessBase"]
[SourceQuality "1"]

{[%evp 15,65,7,38,30,35,39,39,39,53,37,41,39,56,37,31,0,149,45,43,13,2,8,10,-27,5,0,39,47,47,8,84,84,100,108,108,114,212,203,192,130,125,92,264,94,95,66,78,70,767,745,29988,29989]} 1. d4 d5 2. Nf3 e6 3. g3 Nf6 4. Bg2 Be7 5. O-O O-O 6. c4 c5 7. Nc3 dxc4 8. dxc5 Nc6 9. Qa4 {E05: Open Catalan: 5 Nf3 Be7.} Bxc5 10. Qxc4 Be7 11. Rd1 {White is slightly better.} Bd7 12. e4 Rc8 13. Qe2 {[#]} e5 $146 ({Predecessor:} 13... Qa5 14. e5 Nd5 15. Nxd5 exd5 16. Ng5 Be6 17. Nxe6 fxe6 18. Qg4 Nd8 19. Bxd5 Qb6 {1-0 (29) Carvalho,H (2123)-Braga,J (1882) Joao Pessoa 2019}) 14. Bg5 Qe8 15. Nd5 Nd4 (15... Bg4 $11 {remains equal.}) 16. Nxd4 (16. Nxe7+ $16 Qxe7 17. Nxd4 exd4 18. Rxd4) 16... Nxd5 $14 17. exd5 {Bxe7 is the strong threat.} Bxg5 18. Nf3 Bf6 19. h3 Bb5 20. Qe3 Rc2 21. Rab1 Qd7 22. Qxa7 e4 (22... Be7 $11 23. b4 (23. Nxe5 Qc7 $11) 23... Qd6) 23. Nd4 $16 Bxd4 24. Qxd4 f5 25. Rbc1 Rfc8 (25... Rxc1 $16 26. Rxc1 Qd6) 26. Rxc2 $18 Rxc2 27. Qe5 (27. d6 $18) 27... Be2 $16 28. Re1 Bc4 $2 (28... Bd3 $16 {was worth a try.}) 29. b3 $2 (29. Bxe4 $18 fxe4 30. Qxe4 Bxd5 31. Qxc2 Qxh3 32. Re8+ Kf7 33. Rf8+ $3 {[%mdl 576] Decoy} Kxf8 34. Qc5+ {[%mdl 64] Double Attack} Kf7 35. Qxd5+ {[%mdl 64] Double Attack} Kf6 36. Qd8+ Kf7 37. Qc7+ Kf8 38. Qb8+ Ke7 39. Qxb7+ Qd7 40. Qe4+ Kf6 41. Qxh7) 29... Bd3 30. Qd4 Rxa2 {[#]} 31. Rc1 $1 {Hoping for d6.} Ra5 $2 {[%mdl 8192]} (31... Qd6 $14) 32. d6 $18 {aiming for Rc7.} Qe8 33. d7 {[%cal Rd7e8] Weighted Error Value: White=0.25/Black=0.63} 1-0

[Event "African Online-ch U20-Open 2021"]
[Site "Online"]
[Date "2021.02.01"]
[Round "8.6"]
[White "Vasco Mateus Felizardo Viageir"]
[Black "Bidi, Abdeljalil"]
[Result "1-0"]
[WhiteElo "1862"]
[BlackElo "1750"]
[Annotator "NA RC"]
[PlyCount "125"]
[EventDate "2021.02.01"]
[EventType "swiss"]
[EventCountry "NET"]
[SourceTitle "playchess.com"]
[Source "ChessBase"]
[SourceQuality "1"]
[TimeControl "1500+10"]

1. e4 {[%emt 0:00:00]} e5 {[%emt 0:00:03]} 2. Nf3 {[%emt 0:00:03]} Nc6 {[%emt 0:00:01]} 3. Bc4 {[%emt 0:00:04]} Bc5 {[%emt 0:00:02]} 4. O-O {[%emt 0:00:03]} Nf6 {[%emt 0:00:02]} 5. c3 {[%emt 0:00:02]} O-O {[%emt 0:00:24]} 6. d4 {[%emt 0:00:04]} exd4 {[%emt 0:00:02]} 7. cxd4 {[%emt 0:00:01]} Bb6 {[%emt 0:00:01]} 8. e5 {[%emt 0:00:09]} d5 {[%emt 0:00:21]} 9. exf6 {[%emt 0:00:20]} dxc4 {[%emt 0:00:02]} 10. fxg7 {[%emt 0:00:01]} Re8 {[%emt 0:00:03]} 11. d5 {[%emt 0:00:04]} Ne5 {[%emt 0:00:15]} 12. Nxe5 {[%emt 0:00:01]} Rxe5 {[%emt 0:00:06]} 13. Nc3 {[%emt 0:00:02]} Ba5 {[%emt 0:00:35]} 14. f4 {[%emt 0:01:00]} Re8 {[%emt 0:00:54]} 15. Kh1 {[%emt 0:00:27]} Qf6 {[%emt 0:00:24]} 16. Bd2 {[%emt 0:00:32]} a6 {[%emt 0:00:44]} 17. a4 {[%emt 0:00:25]} Bf5 {[%emt 0:00:08]} 18. Qf3 {[%emt 0:01:24]} Qd4 {[%emt 0:01:54]} 19. Be1 {[%emt 0:00:57]} Bd3 {[%emt 0:00:59]} 20. Bf2 {[%emt 0:00:11]} Qxg7 {[%emt 0:00:11]} 21. Rfc1 {[%emt 0:01:20]} Bxc3 {[%emt 0:01:06]} 22. bxc3 {[%emt 0:00:03]} Re2 {[%emt 0:00:22]} 23. Bd4 {[%emt 0:00:20]} Qg6 {[%emt 0:01:34]} 24. Re1 {[%emt 0:00:40]} Rae8 {[%emt 0:00:13]} 25. Rxe2 {[%emt 0:00:15]} Rxe2 {[%emt 0:00:03]} 26. d6 {[%emt 0:00:35]} cxd6 {[%emt 0:03:13]} 27. Qxb7 {[%emt 0:06:47]} f6 {[%emt 0:00:58]} 28. Qd5+ {[%emt 0:00:17]} Kg7 {[%emt 0:00:10]} 29. f5 {[%emt 0:00:40]} Qg5 {[%emt 0:06:47]} 30. Qb7+ {[%emt 0:00:43]} Kh6 {[%emt 0:00:22]} 31. Qf3 {[%emt 0:00:31]} d5 {[%emt 0:01:44]} 32. Kg1 {[%emt 0:00:49]} Kg7 {[%emt 0:03:16]} 33. a5 {[%emt 0:01:40]} Qh4 {[%emt 0:01:03]} 34. Bf2 {[%emt 0:00:31]} Qg5 {[%emt 0:00:40]} 35. Bd4 {[%emt 0:03:15]} Qxf5 {[%emt 0:01:17]} 36. Qg3+ {[%emt 0:00:10]} Kf7 {[%emt 0:00:12]} 37. Qc7+ {[%emt 0:00:33]} Re7 {[%emt 0:00:05]} 38. Qd6 {[%emt 0:00:21]} Qe6 {[%emt 0:00:37]} 39. Qg3 {[%emt 0:00:31]} Qe4 {[%emt 0:00:14]} 40. h4 {[%emt 0:00:12]} Qg6 {[%emt 0:00:02]} 41. Qf4 {[%emt 0:00:40]} Be4 {[%emt 0:00:06]} 42. g4 {[%emt 0:00:07]} Bd3 {[%emt 0:00:02]} 43. g5 {[%emt 0:00:18]} f5 {[%emt 0:00:17]} 44. Bc5 {[%emt 0:00:18]} Rd7 {[%emt 0:00:08]} 45. Qe5 {[%emt 0:00:05]} Be4 {[%emt 0:00:12]} 46. Bd4 {[%emt 0:00:09]} Re7 {[%emt 0:00:20]} 47. Qf6+ {[%emt 0:00:12]} Qxf6 {[%emt 0:00:02]} 48. gxf6 {[%emt 0:00:02]} Re8 {[%emt 0:00:17]} 49. Kf2 {[%emt 0:00:02]} Rb8 {[%emt 0:00:04]} 50. Ke3 {[%emt 0:00:05]} Rg8 {[%emt 0:00:09]} 51. Kf4 {[%emt 0:00:03]} Ke6 {[%emt 0:00:05]} 52. Ra4 {[%emt 0:00:17]} Rb8 {[%emt 0:00:31]} 53. h5 {[%emt 0:00:26]} Rb1 {[%emt 0:00:08]} 54. Kg5 {[%emt 0:00:12]} Kf7 {[%emt 0:00:11]} 55. Kh6 {[%emt 0:00:06]} Bf3 {[%emt 0:00:07]} 56. Kg5 {[%emt 0:01:56]} Be2 {[%emt 0:00:21]} 57. Ra2 {[%emt 0:00:12]} Bd3 {[%emt 0:00:04]} 58. Rg2 {[%emt 0:00:08]} Rb7 {[%emt 0:00:10]} 59. Kh6 {[%emt 0:00:08]} Kf8 {[%emt 0:00:06]} 60. Bc5+ {[%emt 0:00:06]} Ke8 {[%emt 0:00:14]} 61. Rg8+ {[%emt 0:00:02]} Kd7 {[%emt 0:00:03]} 62. Rg7+ {[%emt 0:00:09]} Ke6 {[%emt 0:00:07]} 63. Rxb7 {[%emt 0:00:04]} 1-0